South Eastern Kenya University

Library Online Public Access Catalogue


Mathematics 10; (Record no. 6690)

MARC details
000 -LEADER
fixed length control field 00392cam a22001331 4500
050 00 - LIBRARY OF CONGRESS CALL NUMBER
Classification Number QA461
Item Number .N37 1989
245 10 - TITLE
Title Mathematics 10;
Remainder of title a search for meaning /
250 ## - EDITIONSTATEMENT
Edition statement Quebec edition.
260 ## - PUBLICATION, DISTRIBUTION, ETC.(IMPRINT)
Place of publication, distribution, etc [Canada] :
Name of publisher, distributor, etc Gage Educational Publishing Company,
Date of publication, distribution, etc 1989.
300 ## - PHYSICAL DESCRIPTION
Extent 436 p.
500 ## - GENERALNOTE
General note Includes index.
650 ## - SUBJECT--TOPIC
General subdivision Mathematics ;
-- Mathematics -- study and teaching.
942 ## - ADDED ENTRY ELEMENTS(KOHA)
Source of classification or shelving scheme Library of Congress Classification
Koha item type General circulation
Holdings
Source of classification or shelving scheme Not for loan Location (home branch) Sublocation (holding branch) Shelving location Date accessioned Cost, normal purchase price Full call number Barcode Cost, replacement price Nonpublic note Koha item type Public note
Library of Congress Classification   Main Campus Library Main Campus Library   22/07/2015 4127.00 QA461 .N37 1989 2015/003898 4539.00 Nzk General circulation Nzk
Kitui, Kenya.
+254736116989
library@seku.ac.ke